Talviolympialaisten järjestäjäkaupungit kartalla - Statistics

Yleistilastot
  • Tätä visaa on pelattu 43 kertaa
  • Keskiarvotulos 13 / 25
Vastaukset kartalla
Vastauksille on annettu kartalla punavihreä väri sen mukaan, kuinka moni on saanut sen oikein.
 
Vastaustilastot
% Oikein
Oslo
93%
Peking
87%
Milano |Cortina d'Ampezzo
83%
Lillehammer
77%
Vancouver
77%
Sarajevo
73%
Sotši
67%
Torino
67%
Sapporo
63%
Salt Lake City
60%
Nagano
57%
Calgary
50%
Innsbruck
50%
Innsbruck
50%
Albertville
40%
Cortina d'Ampezzo
40%
Lake Placid
37%
Lake Placid
37%
Chamonix
33%
Pyeongchang
30%
Squaw Valley
20%
Grenoble
17%
Sankt Moritz
17%
Sankt Moritz
17%
Garmisch-Partenkirchen
13%
Ehtoja vastaavia visoja ei löytynyt
Tulosjakauma
Jokaisen tuloksen saaneiden osuus
Persentiili vastausten määrän mukaan
Tuloshistoriasi
Et ole pelannut tätä visaa